000 00643nam a2200241Ia 4500
003 OSt
005 20220924132607.0
006 a|||||r|||| 00| 0
007 ta
008 220923b |||||||| |||| 00| 0 san d
024 _a73645
037 _cTextual
040 _aARTS
_cARTS
_bsan
041 _2san
_asan
082 _aR631x2:1:1, 15G4
100 _aMisra Vacaspati comm
_9204565
245 0 _aTattva-Kaumudi ed by Ganganath Jha
260 _c1934
490 _aPoona oriental series; 10(a)
650 _aYOGA
_92333
942 _hR631x2:1:1, 15G4
_cTEXL
_2CC
999 _c430786
_d430786